000
00457nam a2200181Ia 4500
008
100917s9999 xx 000 0 und d
082
_b
45525
100
_a
पाठक गं. रा.
245
_a
अमृतपाश
260
_b
अभय साहित्य
_c
1981
300
_a
216
365
_b
20
520
_a
कथा
630
_a
अमृतपाश
650
_a
कथा
730
_a
अमृतपाश
942
_c
BOOK
999
_c
650919
_d
650916